[Event "SVK-chT1W 2425"]
[Site "Slovakia"]
[Date "2025.02.02"]
[Round "7.6"]
[White "Blazek, Milos"]
[Black "Jakubek, Peter"]
[Result "0-1"]
[WhiteElo "1972"]
[BlackElo "2102"]
[PlyCount "72"]
[EventDate "2024.11.16"]
[EventType "team-tourn"]
[EventRounds "11"]
[EventCountry "SVK"]
[SourceTitle "CB14_2025"]
[SourceDate "2024.11.01"]
[SourceVersion "1"]
[SourceVersionDate "2024.11.01"]
[SourceQuality "1"]
[WhiteTeam "Trencin PK"]
[BlackTeam "Dubnica nad Vahom II"]
[WhiteTeamCountry "SVK"]
[BlackTeamCountry "SVK"]

1. e4 g6 2. d4 Bg7 3. Nc3 d6 4. Be3 Nd7 5. Qd2 e6 6. 0-0-0 a6 7. h4 h6 8. f4 Ne7 9. g4 Nf6 10. Bh3 b5 11. g5 hxg5 12. hxg5 Nh5 13. Nge2 b4 14. Na4 Bd7 15. b3 a5 16. Bg4 Bxa4 17. bxa4 Qd7 18. d5 Qxa4 19. Kb1 b3 20. cxb3 Qxe4+ 21. Qd3 Qxd3+ 22. Rxd3 Nxd5 23. Bd2 c6 24. Rc1 Kd7 25. Nd4 Bxd4 26. Rxd4 Ng3 27. Ra4 Nf5 28. Bf3 Nfe7 29. Bxa5 Rhb8 30. Ka1 c5 31. Bd2 Rxa4 32. bxa4 Ra8 33. a5 Nc6 34. f5 gxf5 35. g6 fxg6 36. Rh1 Nxa5 0-1

[Event "SVK-chT3B2 2324"]
[Site "Slovakia"]
[Date "2024.02.18"]
[Round "8.7"]
[White "Blazek, Milos"]
[Black "Vojtas, Marek"]
[Result "1-0"]
[WhiteElo "1942"]
[BlackElo "1470"]
[PlyCount "49"]
[EventDate "2023.10.15"]
[EventType "team-tourn"]
[EventRounds "11"]
[EventCountry "SVK"]
[SourceTitle "EXT 2025"]
[Source "ChessBase"]
[SourceDate "2024.10.14"]
[SourceVersion "1"]
[SourceVersionDate "2024.10.14"]
[SourceQuality "1"]
[WhiteTeam "Nemsova Horne Srnie"]
[BlackTeam "Povazske Podhradie III"]
[WhiteTeamCountry "SVK"]
[BlackTeamCountry "SVK"]

1. e4 c5 2. Nf3 Nc6 3. d4 cxd4 4. Nxd4 g6 5. Nc3 Bg7 6. Be3 d6 7. Bc4 Nf6 8. f3 0-0 9. Qd2 Nd7 10. 0-0-0 Nc5 11. Nxc6 bxc6 12. Bxc5 Qa5 13. Bd4 Bxd4 14. Qxd4 c5 15. Qd3 Rb8 16. Nd5 Rb7 17. Qc3 Qa4 18. h4 Be6 19. h5 Bxd5 20. Bxd5 Rb6 21. hxg6 e5 22. Qd2 Rfb8 23. Qh6 Rxb2 24. gxf7+ Kh8 25. Qf6# 1-0

[Event "SVK-chT2B 2324"]
[Site "Slovakia"]
[Date "2023.12.02"]
[Round "5.4"]
[White "Blazek, Milos"]
[Black "Bielik, Jakub"]
[Result "0-1"]
[WhiteElo "1895"]
[BlackElo "2126"]
[PlyCount "88"]
[EventDate "2023.10.07"]
[EventType "team-tourn"]
[EventRounds "11"]
[EventCountry "SVK"]
[SourceTitle "EXT 2025"]
[Source "ChessBase"]
[SourceDate "2024.10.14"]
[SourceVersion "1"]
[SourceVersionDate "2024.10.14"]
[SourceQuality "1"]
[WhiteTeam "Trencin"]
[BlackTeam "Povazske Podhradie"]
[WhiteTeamCountry "SVK"]
[BlackTeamCountry "SVK"]

1. e4 e6 2. d4 d5 3. Nc3 Nf6 4. Bg5 Bb4 5. e5 h6 6. Bd2 Bxc3 7. bxc3 Ne4 8. Qg4 g6 9. Bd3 Nxd2 10. Kxd2 c5 11. h4 Nc6 12. Rh3 Qe7 13. Rb1 b6 14. Rf3 Bd7 15. Nh3 c4 16. Bxg6 fxg6 17. Qxg6+ Kd8 18. Rf7 Qe8 19. Nf4 Rg8 20. Qf6+ Kc8 21. g4 Qd8 22. Rg1 Qxf6 23. Rxf6 Kc7 24. Nxe6+ Bxe6 25. Rxe6 Raf8 26. Ke3 h5 27. g5 Kd7 28. Rd6+ Kc7 29. Rh6 Ne7 30. Rxh5 Rg7 31. f4 Ng6 32. Rf1 Ne7 33. Kf3 Rgf7 34. Kg4 Nf5 35. Rf3 Rg7 36. Kh3 Kd7 37. g6 Rxg6 38. Rg5 Rh6 39. h5 Ke6 40. Kg4 b5 41. Rg6+ Rxg6+ 42. hxg6 Rg8 43. Rh3 Rxg6+ 44. Kf3 Rh6 0-1

[Event "SVK-chT3B2 2223"]
[Site "Slovakia"]
[Date "2022.10.23"]
[Round "1.2"]
[White "Kothaj, Peter"]
[Black "Blazek, Milos"]
[Result "0-1"]
[WhiteElo "1780"]
[BlackElo "1902"]
[PlyCount "60"]
[EventDate "2022.10.23"]
[EventType "team-tourn"]
[EventRounds "11"]
[EventCountry "SVK"]
[SourceTitle "EXT 2024"]
[Source "ChessBase"]
[SourceDate "2023.10.10"]
[SourceVersion "1"]
[SourceVersionDate "2023.10.10"]
[SourceQuality "1"]
[WhiteTeam "Handlova"]
[BlackTeam "Trencin PK"]
[WhiteTeamCountry "SVK"]
[BlackTeamCountry "SVK"]

1. e4 e5 2. Nf3 Nc6 3. c3 Nf6 4. d4 exd4 5. e5 Ne4 6. cxd4 Bb4+ 7. Bd2 Nxd2 8. Nbxd2 0-0 9. Bc4 d5 10. Bb3 Bg4 11. 0-0 Nxd4 12. Nb1 Nxf3+ 13. gxf3 Bh3 14. Qc1 Bxf1 15. Qxf1 Qg5+ 16. Kh1 Qxe5 17. Qc1 Bd6 18. f4 Qe4+ 19. Kg1 Bxf4 20. Qf1 c6 21. Nc3 Qg6+ 22. Qg2 Qxg2+ 23. Kxg2 Rfe8 24. h3 Be5 25. Kf3 Re6 26. Na4 Rae8 27. Nc5 Rf6+ 28. Kg2 Bxb2 29. Rb1 Re2 30. Nd3 Bd4 0-1

[Event "SVK-chT2B 1920"]
[Site "Slovakia"]
[Date "2020.02.16"]
[Round "9.5"]
[White "Beres, Dominik"]
[Black "Blazek, Milos"]
[Result "1-0"]
[WhiteElo "1970"]
[BlackElo "1977"]
[PlyCount "67"]
[EventDate "2019.10.26"]
[EventType "team-tourn"]
[EventRounds "11"]
[EventCountry "SVK"]
[SourceTitle "CBM 195 Extra"]
[Source "ChessBase"]
[SourceDate "2020.05.31"]
[SourceVersion "1"]
[SourceVersionDate "2020.05.31"]
[SourceQuality "1"]
[WhiteTeam "Tlmace"]
[BlackTeam "Trencin"]
[WhiteTeamCountry "SVK"]
[BlackTeamCountry "SVK"]

1. e4 e5 2. Nf3 d5 3. Nxe5 Bd6 4. d4 dxe4 5. Nc4 Nf6 6. Be2 Nc6 7. Nxd6+ Qxd6 8. c3 Bf5 9. Na3 a6 10. Nc4 Qe7 11. b3 0-0-0 12. Ba3 Qe6 13. Ne3 Bg6 14. Qc1 Ne7 15. 0-0 Nf5 16. Bc4 Qd7 17. h3 Nxe3 18. Qxe3 Nd5 19. Bxd5 Qxd5 20. Rad1 f5 21. c4 Qf7 22. d5 Kb8 23. d6 f4 24. Qd4 cxd6 25. Bxd6+ Ka8 26. Qb6 Qe6 27. c5 Rc8 28. Bxf4 Rc6 29. Qb4 Bf5 30. Rd6 Rxd6 31. Bxd6 e3 32. fxe3 Qxe3+ 33. Kh2 Be4 34. Re1 1-0

[Event "SVK-chT3B2 1920"]
[Site "Slovakia"]
[Date "2020.02.02"]
[Round "7.3"]
[White "Blazek, Milos"]
[Black "Kostelansky, Karol"]
[Result "1-0"]
[WhiteElo "1971"]
[BlackElo "1725"]
[PlyCount "57"]
[EventDate "2019.10.06"]
[EventType "team-tourn"]
[EventRounds "11"]
[EventCountry "SVK"]
[SourceTitle "CBM 195 Extra"]
[Source "ChessBase"]
[SourceDate "2020.05.31"]
[SourceVersion "1"]
[SourceVersionDate "2020.05.31"]
[SourceQuality "1"]
[WhiteTeam "Trencin II"]
[BlackTeam "Povazske Podhradie"]
[WhiteTeamCountry "SVK"]
[BlackTeamCountry "SVK"]

1. e4 c6 2. d4 d5 3. Nc3 dxe4 4. Nxe4 Bf5 5. Ng3 Bg6 6. Nf3 Nd7 7. h4 h6 8. h5 Bh7 9. Bd3 Bxd3 10. Qxd3 e6 11. Bd2 Ngf6 12. 0-0-0 Be7 13. Kb1 Qb6 14. Rhe1 Rd8 15. Qe2 0-0 16. Ne5 c5 17. c3 cxd4 18. cxd4 Nd5 19. Ne4 N7f6 20. Nc4 Qa6 21. Nxf6+ Bxf6 22. Ne5 Qa4 23. Qe4 Rc8 24. Rc1 Be7 25. Rxc8 Rxc8 26. Nxf7 Bb4 27. Nxh6+ gxh6 28. Qxe6+ Kg7 29. Bxh6+ 1-0

[Event "SVK-chT2B 1920"]
[Site "Slovakia"]
[Date "2019.12.14"]
[Round "5.4"]
[White "Reisel, Frantisek"]
[Black "Blazek, Milos"]
[Result "1/2-1/2"]
[WhiteElo "1957"]
[BlackElo "1972"]
[PlyCount "20"]
[EventDate "2019.10.26"]
[EventType "team-tourn"]
[EventRounds "11"]
[EventCountry "SVK"]
[SourceTitle "CBM 194 Extra"]
[Source "ChessBase"]
[SourceDate "2020.03.31"]
[SourceVersion "1"]
[SourceVersionDate "2020.03.31"]
[SourceQuality "1"]
[WhiteTeam "Prievidza"]
[BlackTeam "Trencin"]
[WhiteTeamCountry "SVK"]
[BlackTeamCountry "SVK"]

1. d4 Nf6 2. Nf3 b6 3. Bf4 Bb7 4. e3 e6 5. Nbd2 Be7 6. h3 Ne4 7. Nxe4 Bxe4 8. Bd3 Bxd3 9. Qxd3 0-0 10. 0-0 d5 1/2-1/2

[Event "SVK-chT3B2 1920"]
[Site "Slovakia"]
[Date "2019.12.08"]
[Round "5.3"]
[White "Blazek, Milos"]
[Black "Huserka, Frantisek"]
[Result "1-0"]
[WhiteElo "1971"]
[BlackElo "1429"]
[PlyCount "47"]
[EventDate "2019.10.06"]
[EventType "team-tourn"]
[EventRounds "11"]
[EventCountry "SVK"]
[SourceTitle "CBM 194 Extra"]
[Source "ChessBase"]
[SourceDate "2020.03.31"]
[SourceVersion "1"]
[SourceVersionDate "2020.03.31"]
[SourceQuality "1"]
[WhiteTeam "Trencin II"]
[BlackTeam "Nemsova Horne Srnie II"]
[WhiteTeamCountry "SVK"]
[BlackTeamCountry "SVK"]

1. e4 e6 2. d4 d5 3. Nc3 Bb4 4. Nge2 dxe4 5. a3 Bxc3+ 6. Nxc3 f5 7. Bc4 Nc6 8. d5 exd5 9. Nxd5 Ne5 10. Bb3 c6 11. Bf4 Qd6 12. Qd4 cxd5 13. Bxe5 Qb6 14. Qxb6 axb6 15. Bxg7 Be6 16. Bxh8 Ne7 17. Bf6 Ng6 18. 0-0-0 Kf7 19. Bg5 Ra5 20. Rd4 Ne5 21. Rhd1 Rc5 22. Bxd5 Bxd5 23. Rxd5 Nd3+ 24. R1xd3 1-0

[Event "SVK-chT2B 1819"]
[Site "Slovakia"]
[Date "2019.03.03"]
[Round "9.7"]
[White "Blazek, Milos"]
[Black "Szakall, Alexander"]
[Result "1-0"]
[WhiteElo "1972"]
[BlackElo "1811"]
[PlyCount "51"]
[EventDate "2018.10.13"]
[EventType "team-tourn"]
[EventRounds "11"]
[EventCountry "SVK"]
[SourceTitle "CBM 189 Extra"]
[Source "ChessBase"]
[SourceDate "2019.05.31"]
[SourceVersion "1"]
[SourceVersionDate "2019.05.31"]
[SourceQuality "1"]
[WhiteTeam "Trencin"]
[BlackTeam "Surany"]
[WhiteTeamCountry "SVK"]
[BlackTeamCountry "SVK"]

1. e4 e5 2. Nf3 Nc6 3. d4 exd4 4. Bc4 Bc5 5. c3 Nge7 6. cxd4 Bb4+ 7. Nc3 0-0 8. 0-0 d5 9. Nxd5 Nxd5 10. Bxd5 Ne7 11. Bc4 Ng6 12. Bg5 Qe8 13. e5 Qc6 14. Rc1 Qb6 15. Qb3 Bg4 16. a3 Ba5 17. Be3 Qxb3 18. Bxb3 Bxf3 19. gxf3 Nh4 20. f4 Rfd8 21. Rfd1 c6 22. d5 cxd5 23. Bxd5 Nf5 24. Bc5 Rac8 25. e6 Ne7 26. Bxe7 1-0

[Event "SVK-chT2B 1718"]
[Site "Slovakia"]
[Date "2018.02.25"]
[Round "9.3"]
[White "Blazek, Milos"]
[Black "Zatko, Gregor"]
[Result "0-1"]
[WhiteElo "1961"]
[BlackElo "2167"]
[PlyCount "72"]
[EventDate "2017.10.28"]
[EventType "team-tourn"]
[EventRounds "11"]
[EventCountry "SVK"]
[SourceTitle "EXT 2019"]
[Source "ChessBase"]
[SourceDate "2018.10.10"]
[SourceVersion "1"]
[SourceVersionDate "2018.10.10"]
[SourceQuality "1"]
[WhiteTeam "Trencin"]
[BlackTeam "Levice"]
[WhiteTeamCountry "SVK"]
[BlackTeamCountry "SVK"]

1. e4 c5 2. Nf3 d6 3. d4 cxd4 4. Nxd4 Nf6 5. Nc3 a6 6. h3 e6 7. Be3 Be7 8. g4 Nfd7 9. Qd2 Nc6 10. 0-0-0 Qc7 11. f4 b5 12. Kb1 b4 13. Na4 Rb8 14. Bd3 0-0 15. g5 Nxd4 16. Bxd4 e5 17. Be3 exf4 18. Bxf4 Ne5 19. b3 Ng6 20. Be3 Bd7 21. Nb2 Ne5 22. h4 a5 23. h5 f5 24. gxf6 Bxf6 25. Nc4 d5 26. exd5 Nxc4 27. Bxc4 Bc3 28. d6+ Qxc4 29. bxc4 Bxd2 30. Rxd2 Rf3 31. Bd4 Bf5 32. Rg2 b3 33. Rxg7+ Kf8 34. Kc1 bxc2 35. Rhg1 Rf1+ 36. Kd2 c1Q+ 0-1

[Event "SVK-chT3A2 1718"]
[Site "Slovakia"]
[Date "2018.01.07"]
[Round "7.2"]
[White "Sobek, Michal"]
[Black "Blazek, Milos"]
[Result "1-0"]
[WhiteElo "1822"]
[BlackElo "2006"]
[PlyCount "57"]
[EventDate "2017.10.08"]
[EventType "team-tourn"]
[EventRounds "11"]
[EventCountry "SVK"]
[SourceTitle "EXT 2020"]
[Source "ChessBase"]
[SourceDate "2019.10.17"]
[SourceVersion "1"]
[SourceVersionDate "2019.10.17"]
[SourceQuality "1"]
[WhiteTeam "Holic"]
[BlackTeam "Vrbove"]
[WhiteTeamCountry "SVK"]
[BlackTeamCountry "SVK"]

1. e4 e5 2. Nf3 Nc6 3. Bc4 Nf6 4. 0-0 Be7 5. d3 0-0 6. h3 d6 7. c3 Na5 8. Bb5 a6 9. Ba4 b5 10. Bc2 c5 11. Re1 Nc6 12. Nbd2 Qc7 13. d4 cxd4 14. cxd4 Bd7 15. Bb1 Rac8 16. Nf1 Rfe8 17. Ng3 g6 18. Bh6 exd4 19. a3 Qa7 20. Ba2 Be6 21. Bxe6 fxe6 22. Ne2 Nxe4 23. Nexd4 Nxd4 24. Nxd4 d5 25. Be3 Qd7 26. a4 e5 27. Nf3 Bc5 28. Bxc5 Rxc5 29. Rxe4 1-0

[Event "SVK-chT2B 1617"]
[Site "Slovakia"]
[Date "2017.03.12"]
[Round "11.7"]
[White "Jakab, Bela"]
[Black "Blazek, Milos"]
[Result "1-0"]
[WhiteElo "2093"]
[BlackElo "2032"]
[PlyCount "53"]
[EventDate "2016.10.08"]
[EventType "team-tourn"]
[EventRounds "11"]
[EventCountry "SVK"]
[SourceTitle "EXT 2018"]
[Source "ChessBase"]
[SourceDate "2017.10.13"]
[SourceVersion "1"]
[SourceVersionDate "2017.10.13"]
[SourceQuality "1"]
[WhiteTeam "Komarno"]
[BlackTeam "Trencin"]
[WhiteTeamCountry "SVK"]
[BlackTeamCountry "SVK"]

1. e4 e5 2. Nf3 Nc6 3. Bc4 Nf6 4. d3 Bc5 5. c3 d6 6. 0-0 Bb6 7. Bb3 Bg4 8. Re1 h6 9. Nbd2 0-0 10. h3 Be6 11. Nf1 Re8 12. Ng3 d5 13. Qe2 Qd7 14. Ba4 Qd6 15. Nh4 Rad8 16. Nhf5 Qf8 17. Nh5 Nxh5 18. Qxh5 f6 19. Be3 d4 20. cxd4 exd4 21. Bd2 Kh7 22. Rac1 Bd7 23. Bxc6 Bxc6 24. Nh4 Re5 25. Qg6+ Kh8 26. f4 Be8 27. fxe5 1-0